01021nam a2200169 a 4500041000800000100003500008245008200043260005300125300000900178520054000187650001900727650001800746650001300764650002500777650001000802662003900812 aspa aForero Morantes, Diana María aPriorización de Areas para la Conservación en el Altiplano cundiboyacense aBogotábInstituto Alexander von Humboldtc2005 a3 p. aSe presenta un informe de supervision/interventoría al contrato que tenía por objeto la revisión y recopilación de información de literatura sobre especies de aves y plantas (Asteraceae, Melastomataceae y Rubiaceae) del Altiplano cundiboyacense, con sus respectivas localidades; la revisión de información sobre áreas de manejo especial en el área de estudio y apoyar la georeferenciación de la información y la elaboración de informes. Como resultado de se encontraron 15 nuevas reservas de la sociedad civil. aConservación aBiodiversidad aAvifauna aEspecies botánicas aFlora aColombiacAltiplano cundiboyacense